000 00549nam a2200205Ia 4500
005 20250508152849.0
008 008 250505s9999 xx 000 0 eng d
037 _aTextual
040 _aFEDL
_beng
_cFEDL
041 _aeng
_2eng
084 _a025.435, RAN
_qFEDL
100 _aRanaganthan S R
_9762605
245 0 _aColon classification
250 _a6th
260 _aNew York, USA
_bAssociation Press
_c1960
300 _a3.126p.
650 _aLibrary Science
942 _cTEXL
_h025.435, RAN
999 _c1339271
_d1339271